000 00926nac a22002897a 4500
001 BR8600431
003 BR-BrBNA
005 20240105120357.0
008 230509b bl.|||m| |||| 00| 0 por d
040 _aBR-BrBNA
_bpor
_cBiblioteca Nacional de Agricultura
072 _aP34
090 _a1950 BR8600431
100 1 _aXavier, D.F.
100 1 _aCarvalho, M.M. de
110 1 _aCentro Nacional de Pesquisa de Gado de Leite, Coronel Pacheco, MG (Brasil)
_91775
245 1 _aInoculacao de leguminosas
246 1 _a[Inoculation of legumes]
260 3 _aCoronel Pacheco, MG (Brasil):
_c1985.
300 _a17 p.
490 _aCircular Tecnica - Centro Nacional de Pesquisa de Gado de Leite (Brazil)
_vno. 24
_xISSN 0100-8757
500 _a17 ref.
650 _aLEGUMINOSA FORRAGEIRA
650 _aINOCULACAO
650 _aRHIZOBIUM
909 _a202312
_bLúcia Elande
_c55
_dLúcia Elande
942 _2AGRIS
_n0
_cMS
999 _c279147
_d279147